00473nam a22001697a 450000500170000001000170001702000270003403500170006103700250007808200130010310000190011624500540013525000140018926000280020327000530023130000190028420120618101433.0 aB-464601-605 a9780415279963c1243.86 aB-464601-605 adplbResearcho / ven a910.9024 aArnold , david aThe age of discovery 1400-1600 /cby David Arnold aSecond ed aLondonbRoutledgec2006 a2 park square milton park abington oxon bLondon a69pgsc21(pbk)